<The> Internal dimension of labour market flexibility in local governments of the Slovak Republic
Uložené v:
| Hlavný autor: | |
|---|---|
| Ďalší autori: | |
| Médium: | Kapitola |
| Jazyk: | English |
| Predmet: | |
| Tagy: |
Žiadne tagy, Buďte prvý, kto otaguje tento záznam!
|
MARC
| LEADER | 00000nla a2200000 4500 | ||
|---|---|---|---|
| 001 | 0224345 | ||
| 005 | 20240502083558.6 | ||
| 041 | 0 | |a eng | |
| 044 | |a CZ | ||
| 245 | 1 | 0 | |a <The> Internal dimension of labour market flexibility in local governments of the Slovak Republic |c Nadežda Jankelová, Ildikó Némethová |
| 610 | 2 | 0 | |a samospráva miestna |
| 610 | 2 | 0 | |a trh práce |
| 610 | 2 | 0 | |a riadenie ľudských zdrojov |
| 610 | 2 | 0 | |a flexibilita |
| 610 | 2 | 0 | |a flexikurita |
| 610 | 2 | 0 | |a formy zamestnávania |
| 100 | 1 | |a Jankelová, Nadežda, 1966- | |
| 700 | 1 | |a Némethová, Ildikó, 1974- | |